<?xml version="1.0" encoding="UTF-8"?>
<record
    xmlns:xsi="http://www.w3.org/2001/XMLSchema-instance"
    xsi:schemaLocation="http://www.loc.gov/MARC21/slim http://www.loc.gov/standards/marcxml/schema/MARC21slim.xsd"
    xmlns="http://www.loc.gov/MARC21/slim">

  <leader>02701njm a2200481Ia 4500</leader>
  <controlfield tag="001">C2067</controlfield>
  <controlfield tag="003">IT-RoPAU</controlfield>
  <controlfield tag="005">20220918181115.0</controlfield>
  <controlfield tag="008">131025s9999    xx            000 0 und d</controlfield>
  <datafield tag="040" ind1=" " ind2=" ">
    <subfield code="a">IT-RoPAU</subfield>
  </datafield>
  <datafield tag="040" ind1=" " ind2=" ">
    <subfield code="c">IT-RoPAU</subfield>
  </datafield>
  <datafield tag="999" ind1=" " ind2=" ">
    <subfield code="c">99331</subfield>
    <subfield code="d">99331</subfield>
  </datafield>
  <datafield tag="999" ind1=" " ind2=" ">
    <subfield code="b">n.d.</subfield>
  </datafield>
  <datafield tag="100" ind1=" " ind2=" ">
    <subfield code="a">AA.VV.</subfield>
    <subfield code="9">794</subfield>
  </datafield>
  <datafield tag="100" ind1=" " ind2=" ">
    <subfield code="e">Autore musica</subfield>
    <subfield code="9">29844</subfield>
  </datafield>
  <datafield tag="100" ind1=" " ind2=" ">
    <subfield code="g">Codice autore musica SPICS: 12000</subfield>
    <subfield code="9">796</subfield>
  </datafield>
  <datafield tag="245" ind1=" " ind2=" ">
    <subfield code="a">Jim Hall Inissued 1982-1992</subfield>
  </datafield>
  <datafield tag="250" ind1=" " ind2=" ">
    <subfield code="a">2a ed.</subfield>
  </datafield>
  <datafield tag="260" ind1=" " ind2=" ">
    <subfield code="a">MILANO</subfield>
  </datafield>
  <datafield tag="260" ind1=" " ind2=" ">
    <subfield code="b">RUSCONI</subfield>
    <subfield code="c">1994 [1a Ed.:0]</subfield>
  </datafield>
  <datafield tag="300" ind1=" " ind2=" ">
    <subfield code="a">COMPACT DISC</subfield>
  </datafield>
  <datafield tag="300" ind1=" " ind2=" ">
    <subfield code="c">61 minuti (Testo: 0 pag.)</subfield>
  </datafield>
  <datafield tag="500" ind1=" " ind2=" ">
    <subfield code="a">Musica jazz. Compact duori commercio allegato al n. 3 1994 della rivista "Musica jazz".</subfield>
  </datafield>
  <datafield tag="505" ind1=" " ind2=" ">
    <subfield code="a">Baubles, Bangles and Beads [(New York, Village Vanguard, luglio 1982) (11:00)] - Body and Soul [(New York, Village Vanguard, luglio 1982) (12:00)] - Three [(Minneapolis, Walker Arts Center, 13 settembre 1986) (6:00)] - Secret Love [(Tokio, Blue Note, 1992) (13:00)] - Beija Flor [(Tokio, Blue Note, 1992) (11:00)] - Running Out of Gas [(Tokio, Blue Note, 1992) (11:00)]</subfield>
  </datafield>
  <datafield tag="511" ind1=" " ind2=" ">
    <subfield code="a">Hall Jim: chit; Swartz Harvie: cb; Zigmund Eliot: batt</subfield>
  </datafield>
  <datafield tag="511" ind1=" " ind2=" ">
    <subfield code="a">Hall Jim: chit; Frisell Bill: chit</subfield>
  </datafield>
  <datafield tag="511" ind1=" " ind2=" ">
    <subfield code="a">Hall Jim: chit; Goldings Larry: p; Coller Scott: cb; Clarke Terry: batt</subfield>
  </datafield>
  <datafield tag="511" ind1=" " ind2=" ">
    <subfield code="a">Hall Jim: chit; Goldings Larry: p; Colley Scott: cb; Clarke Terry: batt.</subfield>
  </datafield>
  <datafield tag="650" ind1=" " ind2=" ">
    <subfield code="a">JAZZ [COMPACT DISC]</subfield>
    <subfield code="e">Codice MATERIA SPICS: 9949</subfield>
    <subfield code="9">11822</subfield>
  </datafield>
  <datafield tag="700" ind1=" " ind2=" ">
    <subfield code="a">Hall Jim</subfield>
    <subfield code="g">Codice interprete SPICS: 16189</subfield>
    <subfield code="e">Interprete</subfield>
    <subfield code="9">29845</subfield>
  </datafield>
  <datafield tag="700" ind1=" " ind2=" ">
    <subfield code="a">Wright R.</subfield>
    <subfield code="g">Codice autore musica SPICS: 40224</subfield>
    <subfield code="e">Autore musica</subfield>
    <subfield code="p">Baubles, Bangles and Beads</subfield>
    <subfield code="9">29846</subfield>
  </datafield>
  <datafield tag="700" ind1=" " ind2=" ">
    <subfield code="a">Forrest G.</subfield>
    <subfield code="g">Codice autore SPICS: 17439</subfield>
    <subfield code="e">Autore</subfield>
    <subfield code="p">Baubles, Bangles and Beads</subfield>
    <subfield code="9">29847</subfield>
  </datafield>
  <datafield tag="700" ind1=" " ind2=" ">
    <subfield code="a">Heyman Edward</subfield>
    <subfield code="g">Codice autore musica SPICS: 15566</subfield>
    <subfield code="e">Autore musica</subfield>
    <subfield code="p">Body and Soul</subfield>
    <subfield code="9">29848</subfield>
  </datafield>
  <datafield tag="700" ind1=" " ind2=" ">
    <subfield code="a">Sour R.</subfield>
    <subfield code="g">Codice autore SPICS: 20664</subfield>
    <subfield code="e">Autore</subfield>
    <subfield code="p">Body and Soul</subfield>
    <subfield code="9">29849</subfield>
  </datafield>
  <datafield tag="700" ind1=" " ind2=" ">
    <subfield code="a">Eyton F.</subfield>
    <subfield code="g">Codice autore testo/musica SPICS: 20329</subfield>
    <subfield code="e">Autore testo/musica</subfield>
    <subfield code="p">Body and Soul</subfield>
    <subfield code="9">29850</subfield>
  </datafield>
  <datafield tag="700" ind1=" " ind2=" ">
    <subfield code="a">Frisell Bill</subfield>
    <subfield code="g">Codice autore musica SPICS: 40225</subfield>
    <subfield code="e">Autore musica</subfield>
    <subfield code="p">Three</subfield>
    <subfield code="9">29851</subfield>
  </datafield>
  <datafield tag="700" ind1=" " ind2=" ">
    <subfield code="a">Webster Paul Francis</subfield>
    <subfield code="g">Codice autore musica SPICS: 23770</subfield>
    <subfield code="e">Autore musica</subfield>
    <subfield code="p">Secret Love</subfield>
    <subfield code="9">29852</subfield>
  </datafield>
  <datafield tag="700" ind1=" " ind2=" ">
    <subfield code="a">Fain Sammy</subfield>
    <subfield code="g">Codice autore SPICS: 14147</subfield>
    <subfield code="e">Autore</subfield>
    <subfield code="p">Secret Love</subfield>
    <subfield code="9">29853</subfield>
  </datafield>
  <datafield tag="700" ind1=" " ind2=" ">
    <subfield code="a">Cavaquinho N.</subfield>
    <subfield code="g">Codice autore musica SPICS: 40226</subfield>
    <subfield code="e">Autore musica</subfield>
    <subfield code="p">Beija Flor</subfield>
    <subfield code="9">29854</subfield>
  </datafield>
  <datafield tag="700" ind1=" " ind2=" ">
    <subfield code="a">Silva N.</subfield>
    <subfield code="g">Codice autore SPICS: 40227</subfield>
    <subfield code="e">Autore</subfield>
    <subfield code="p">Beija Flor</subfield>
    <subfield code="9">29855</subfield>
  </datafield>
  <datafield tag="700" ind1=" " ind2=" ">
    <subfield code="a">Tomas A.</subfield>
    <subfield code="g">Codice autore testo/musica SPICS: 40228</subfield>
    <subfield code="e">Autore testo/musica</subfield>
    <subfield code="p">Beija Flor</subfield>
    <subfield code="9">29856</subfield>
  </datafield>
  <datafield tag="700" ind1=" " ind2=" ">
    <subfield code="a">Hall Jim</subfield>
    <subfield code="g">Codice autore musica SPICS: 16189</subfield>
    <subfield code="e">Autore musica</subfield>
    <subfield code="p">Running Out of Gas</subfield>
    <subfield code="9">29857</subfield>
  </datafield>
  <datafield tag="942" ind1=" " ind2=" ">
    <subfield code="c">CD</subfield>
    <subfield code="2">ddc</subfield>
  </datafield>
  <datafield tag="952" ind1=" " ind2=" ">
    <subfield code="0">0</subfield>
    <subfield code="1">0</subfield>
    <subfield code="4">0</subfield>
    <subfield code="6">C_2067_000000000000000</subfield>
    <subfield code="7">1</subfield>
    <subfield code="a">SPICS</subfield>
    <subfield code="b">SPICS</subfield>
    <subfield code="d">2013-10-25</subfield>
    <subfield code="l">0</subfield>
    <subfield code="o">C2067</subfield>
    <subfield code="r">2013-10-25 00:00:00</subfield>
    <subfield code="w">2013-10-25</subfield>
    <subfield code="y">CD</subfield>
    <subfield code="z">Progr. Ins.: 1147 / N.Vol.: 1 / Copie: 1 - Copia rara: n.d. / date import: 01.01.2014 - By Epidotti, Trombetti, Vaglietti</subfield>
  </datafield>
</record>
